01527nam a2200289 a 4500001001000000003000900010005001700019008003000036040002200066082003100088245011400119260007700233300002800310500000600338504007300344505020900417590002600626600006300652651008100715700002800796710007700824910004100901942001200942952013300954952013301087999001701220000000760DO-SdBNP20230712135625.0090509m2000 dr d 000 0 spa d aBPMSUbspacBPMSU 4a327.97293bN964p 2000-22203aLa nueva política exterior dominicana y temas de relaciones internacionales /cedición Ana E. Martínez. aSanto Domingo :bSecretaría de Estado de Relaciones Exteriores,c2000. av. :bgráf. ;c23 cm. a  aIncluye referencias bibliográficas y notas al pie de las páginas0 aPresentación /rDr. Eduardo Latorre (Secretario de Estado de Relaciones Exteriores) --tPrimera parte - La nueva política exterior dominicana --tSegunda parte - Temas de relaciones internacionales -- 6Inventariado, 2023/VM14aFernández, Leonel d1953 -xENsayos, conferencias, etc.  4aRepública Dominicana xRelaciones exterioresxEnsayos, confrencias, etc. 1 aMartínez, Ana E.eed.2 aSecretaría de Estado de Relaciones Exteriores (República Dominicana) aVMateo V. Control de calidad (BPMSU) 2ddccBK 00102ddc40708CDaBPMETbBPMETd2023-07-12l0oBPMSU CD 327.97293 N964p 2000-pBPMSU23070027r2023-07-12tv.3w2023-07-12yBK 00102ddc40708CDaBPMETbBPMETd2023-07-12l0oBPMSU CD 327.97293 N964p 2000-pBPMSU23070045r2023-07-19tv.4w2023-07-12yBK c14418d14418